[Event "ZICOSUR 2016"]
[Site "?"]
[Date "2016.01.06"]
[Round "1"]
[White "CHEPARINOV, Ivan"]
[Black "PINILLA DELGADO, Agustin"]
[Result "0-1"]
[WhiteElo "2038"]
[BlackElo "2682"]
[PlyCount "122"]

1. e4 c5 2. Nf3 d6 3. Bb5+ Nd7 4. O-O a6 5. Bxd7+ Bxd7 6. Re1 Nf6 7. Nc3 g6 8.
Nd5 Bg7 9. c4 O-O 10. Nxf6+ Bxf6 11. d3 b5 12. Qc2 Rb8 13. Rb1 Bg7 14. b3 Bg4
15. Nd2 Qa5 16. h3 Bd7 17. Nf3 e5 18. Bd2 Qb6 19. Nh2 f5 20. f3 f4 21. Re2 a5
22. Be1 Qa6 23. Qc3 a4 24. Reb2 b4 25. Qd2 Rb7 26. Rc2 Ra8 27. Rcc1 Qb6 28. Nf1
Qd8 29. Ra1 Bf6 30. Bf2 h5 31. Qe2 Be6 32. Rd1 g5 33. Nh2 Qc8 34. Rab1 Raa7 35.
Be1 Rg7 36. Rd2 Rg6 37. Qd1 Bd7 38. Rc1 Bg7 39. Rb1 Bh6 40. Rc2 Qf8 41. Rbb2
Be6 42. Rb1 Bd7 43. Rbb2 Be8 44. Rb1 Rf7 45. Rf2 Ra7 46. Rbb2 Qg7 47. Rb1 Bd7
48. Rf1 Be6 49. Rb2 Qd7 50. Rff2 Qe8 51. Rb1 Bf8 52. Rbb2 Qc8 53. Rbc2 Rh7 54.
Rb2 Be7 55. Rf1 Bd7 56. Re2 Qf8 57. Rb2 Qh6 58. Rc2 g4 59. hxg4 hxg4 60. Nxg4
Rxg4 61. fxg4 Qh1+ 0-1

[Event "ZICOSUR 2016"]
[Site "?"]
[Date "2016.01.06"]
[Round "1"]
[White "PEREZ PONSA, Federico"]
[Black "ESTRADA LAVIN, Cristian"]
[Result "1-0"]
[WhiteElo "2577"]
[BlackElo "1996"]
[PlyCount "49"]

1. d4 d5 2. c4 e6 3. Nf3 Nf6 4. g3 Nc6 5. Bg2 dxc4 6. Qa4 Nd5 7. Qxc4 Nb6 8.
Qb5 Bb4+ 9. Nc3 O-O 10. O-O a6 11. Qd3 h6 12. a3 Bd6 13. Rd1 Rb8 14. b4 Bd7 15.
Bb2 Na7 16. Rac1 Re8 17. e4 Na4 18. Ba1 a5 19. bxa5 Nxc3 20. Bxc3 Bb5 21. Qe3
Bxa3 22. Ra1 Qe7 23. Rdb1 Bc6 24. Bb2 Nb5 25. Bf1 1-0

[Event "ZICOSUR 2016"]
[Site "?"]
[Date "2016.01.05"]
[Round "1"]
[White "Bulgarini, Marco"]
[Black "Pichot, Alan"]
[Result "0-1"]
[WhiteElo "1989"]
[BlackElo "2553"]
[PlyCount "72"]

1. e4 c5 2. Nc3 a6 3. g3 b5 4. Bg2 Bb7 5. d3 e6 6. Nh3 Nf6 7. O-O b4 8. Na4 d6
9. f4 Be7 10. g4 Nfd7 11. c3 a5 12. d4 O-O 13. d5 exd5 14. exd5 c4 15. Be3 Na6
16. Nf2 Re8 17. Rc1 Rc8 18. Qd2 Bf8 19. Rfe1 Nac5 20. Nxc5 dxc5 21. g5 Nb6 22.
Rcd1 Qd6 23. Ne4 Qd7 24. Qf2 Qb5 25. g6 hxg6 26. Ng5 f6 27. Ne6 Bxd5 28. Rxd5
Rxe6 29. f5 gxf5 30. Qxf5 Rce8 31. Rd8 Re5 32. Qg6 Rxd8 33. Be4 Rxe4 34. Qxe4
Re8 35. Qb7 Re7 36. Qb8 Qe8 0-1

[Event "ZICOSUR 2016"]
[Site "?"]
[Date "2016.01.06"]
[Round "1"]
[White "CHANDIA GALVEZ, Omar"]
[Black "CRUZ, Cristhian"]
[Result "0-1"]
[WhiteElo "1995"]
[BlackElo "2553"]
[PlyCount "51"]

1. e4 c5 2. Nf3 d6 3. d4 cxd4 4. c3 Nf6 5. cxd4 Nxe4 6. Bd3 Nf6 7. O-O e6 8.
Nc3 Be7 9. Ng5 Nbd7 10. Bd2 a6 11. Qf3 Qb6 12. Nce4 h6 13. Qh3 Nxe4 14. Nxe4 d5
15. Nc5 Nxc5 16. dxc5 Bxc5 17. Rac1 Bd7 18. Qg3 Bd4 19. Rc7 Rc8 20. Rxc8+ Bxc8
21. Rc1 O-O 22. Bc3 e5 23. Bc2 Be6 24. Qd3 Bxf2+ 25. Kh1 e4 26. Qe2 0-1

[Event "ZICOSUR 2016"]
[Site "?"]
[Date "2016.01.05"]
[Round "1"]
[White "GRANDA ZUNIGA, Julio"]
[Black "BARRIA YAITUL, Armin"]
[Result "1-0"]
[WhiteElo "2683"]
[BlackElo "2045"]
[PlyCount "83"]
[EventDate "2016.??.??"]

1. f4 e5 2. fxe5 d6 3. exd6 Bxd6 4. Nf3 g5 5. g3 g4 6. Nh4 Ne7 7. e4 Ng6 8. Nf5
Bxf5 9. exf5 Ne5 10. Bg2 Nbc6 11. Nc3 Nd4 12. Ne4 h5 13. d3 c5 14. O-O Ndf3+
15. Bxf3 Nxf3+ 16. Rxf3 gxf3 17. Qxf3 Qc7 18. Bg5 Kf8 19. Qe3 Be5 20. Bh6+ Ke7
21. c3 Rae8 22. Nf6 Kd8 23. Nxe8 Rxe8 24. Qf2 Qd6 25. Be3 Qxd3 26. Re1 Qd5 27.
Bxc5 h4 28. Be3 hxg3 29. hxg3 Rh8 30. Qg2 Qd6 31. Qf3 Re8 32. Bf2 Kc8 33. Kg2
Rh8 34. Rxe5 Qxe5 35. Bd4 Qe8 36. Bxh8 Qxh8 37. f6 Qh7 38. g4 Qc2+ 39. Qf2 Qe4+
40. Kg3 Qe5+ 41. Kh4 Qc7 42. Qg3 1-0

[Event "Zicosur 2016"]
[Site "?"]
[Date "2016.01.05"]
[Round "1.9"]
[White "Riquelme, Nicolas"]
[Black "Gemy, Jose Daniel"]
[Result "0-1"]
[WhiteElo "1847"]
[BlackElo "2407"]
[PlyCount "56"]
[EventDate "2016.??.??"]

1. e4 e5 2. Nf3 Nc6 3. Bb5 Bc5 4. O-O Nd4 5. Nxd4 Bxd4 6. c3 Bb6 7. d4 c6 8.
Bc4 d6 9. dxe5 dxe5 10. Qxd8+ Bxd8 11. Be3 Nf6 12. f3 Bb6 13. Kf2 Ke7 14. Nd2
Nh5 15. Bxb6 axb6 16. g3 b5 17. Bb3 Nf6 18. a4 bxa4 19. Rxa4 Rxa4 20. Bxa4 Be6
21. Bb3 Rd8 22. Bxe6 Rxd2+ 23. Ke3 Rxh2 24. Bc8 Rxb2 25. Ra1 Ne8 26. Ra7 Nd6
27. Bh3 Rc2 28. Kd3 Rxc3+ 0-1

[Event "?"]
[Site "?"]
[Date "2016.01.05"]
[Round "?"]
[White "Garmendia, Lucas"]
[Black "Donayre, Bertín"]
[Result "0-1"]
[WhiteElo "1468"]
[BlackElo "2134"]
[PlyCount "62"]
[EventDate "2016.??.??"]

1. e4 c5 2. Nf3 g6 3. Nc3 Bg7 4. d4 cxd4 5. Nxd4 Nc6 6. Be3 Nf6 7. Bb5 O-O 8.
O-O a6 9. Bxc6 bxc6 10. f3 e5 11. Nb3 d5 12. Ne2 dxe4 13. Qd2 exf3 14. Rxf3
Qxd2 15. Nxd2 Bg4 16. Rf2 Bf5 17. c3 Ng4 18. Rf3 Nxe3 19. Rxe3 Bh6 20. Rxe5
Bxd2 21. Rd1 Rad8 22. Kf1 Bc2 23. Rxd2 Rxd2 24. Ra5 Bd3 25. Re5 Rxe2 26. Rxe2
Re8 27. Kf2 Rxe2+ 28. Kf3 Rxb2 29. Ke3 Bc4 30. Kd4 Bxa2 31. Kc5 Bd5 0-1

[Event "?"]
[Site "?"]
[Date "2016.01.05"]
[Round "1"]
[White "Puppi, Jorge"]
[Black "Sotelo, Jose Miguel"]
[Result "1-0"]
[WhiteElo "2139"]
[BlackElo "1500"]
[PlyCount "51"]
[EventDate "2016.??.??"]

1. e4 c5 2. Nf3 Nc6 3. d4 cxd4 4. Nxd4 Nf6 5. Nc3 d6 6. h3 a6 7. g4 Nxd4 8.
Qxd4 e5 9. Qd3 Be6 10. f4 exf4 11. Bxf4 d5 12. e5 Ne4 13. Nxe4 dxe4 14. Qxd8+
Rxd8 15. Bg2 Bd5 16. O-O-O Be7 17. Rhe1 Bh4 18. Re2 O-O 19. Bxe4 Bxe4 20. Rxe4
Rxd1+ 21. Kxd1 Rd8+ 22. Ke2 Kf8 23. g5 f6 24. gxf6 g5 25. e6 Rc8 26. Bd6+ 1-0

[Event "Zicozur 2016"]
[Site "?"]
[Date "2016.01.05"]
[Round "1"]
[White "Guerrero, Juan"]
[Black "López, Hugo"]
[Result "0-1"]
[WhiteElo "1877"]
[BlackElo "2426"]
[PlyCount "60"]
[EventDate "2016.??.??"]

1. d4 Nf6 2. Bg5 c5 3. Bxf6 gxf6 4. c3 cxd4 5. cxd4 Qb6 6. Qc2 Nc6 7. e3 d5 8.
Nc3 e6 9. Nge2 Bd6 10. g3 Bd7 11. Bg2 Rc8 12. O-O f5 13. Rac1 Na5 14. b3 Ba3
15. Rcd1 O-O 16. Qd3 Qb4 17. Na4 Bb5 18. Qd2 Bxa4 19. Qxb4 Bxb4 20. bxa4 Rc2
21. Nf4 Rxa2 22. Ra1 Rd2 23. Rab1 Bd6 24. Rfd1 Rxd1+ 25. Rxd1 Bxf4 26. gxf4 Rc8
27. Bf1 Rc2 28. Rb1 Kf8 29. Rb5 b6 30. Rb1 Ke7 0-1

[Event "Zicosur 2016"]
[Site "?"]
[Date "2016.01.06"]
[Round "1"]
[White "Garcia, Pablo"]
[Black "Melendes, Fernando"]
[Result "1-0"]
[WhiteElo "2405"]
[BlackElo "1830"]
[PlyCount "83"]
[EventDate "2016.??.??"]

1. e4 d6 2. d4 Nf6 3. Nc3 g6 4. g3 Bg7 5. Bg2 c6 6. a4 a5 7. h3 Na6 8. Be3 O-O
9. Nge2 Rb8 10. O-O Qc7 11. f4 Nb4 12. g4 e6 13. g5 Ne8 14. Qd2 Bd7 15. Nd1 d5
16. f5 exf5 17. c3 Na6 18. Bf4 Nd6 19. exd5 cxd5 20. Ne3 Bc6 21. Nxd5 Bxd5 22.
Bxd5 Rbc8 23. Bxb7 Qxb7 24. Bxd6 Rfd8 25. Bf4 Nc5 26. Nc1 Ne4 27. Qg2 Qa6 28.
Qe2 Qc6 29. Nd3 Qc4 30. Rfe1 Bxd4+ 31. cxd4 Qxd4+ 32. Nf2 Nc3 33. Qe3 Nxa4 34.
Qxd4 Rxd4 35. Be5 Rb4 36. Rec1 Re8 37. Nd3 Rb3 38. Ra3 Rxd3 39. Rxd3 Rxe5 40.
Rc8+ Kg7 41. Rdd8 f6 42. Rc7+ 1-0

[Event "Zicosur 2016"]
[Site "?"]
[Date "2016.01.05"]
[Round "1"]
[White "Soza, Jose"]
[Black "Parada, Jaime"]
[Result "1-0"]
[WhiteElo "2252"]
[BlackElo "1766"]
[PlyCount "59"]
[EventDate "2016.??.??"]

1. d4 Nf6 2. Nf3 e6 3. c4 Bb4+ 4. Bd2 c5 5. Bxb4 cxb4 6. e3 d6 7. Bd3 Nc6 8.
Nbd2 O-O 9. O-O b6 10. Re1 a5 11. Qc2 Ba6 12. d5 exd5 13. cxd5 Bxd3 14. Qxd3
Ne7 15. e4 Ng6 16. Rac1 Rc8 17. Rc6 Ng4 18. Qd4 b5 19. Rec1 Qd7 20. Qb6 N6e5
21. h3 Nxf2 22. Nxe5 Nxh3+ 23. gxh3 dxe5 24. Rxc8 Rxc8 25. Rxc8+ Qxc8 26. Qc6
Qd8 27. Nf3 g6 28. d6 Qf6 29. Qe8+ Kg7 30. Qxe5 1-0

[Event "Zicosur 2016"]
[Site "?"]
[Date "2016.01.05"]
[Round "1"]
[White "Rivera, Andres"]
[Black "Valenzuela, Luis"]
[Result "0-1"]
[WhiteElo "1895"]
[BlackElo "2458"]
[PlyCount "50"]
[EventDate "2016.??.??"]

1. e4 c5 2. Nf3 d6 3. d4 cxd4 4. Nxd4 Nf6 5. Nc3 a6 6. Be3 e5 7. Nb3 Be7 8. f3
Be6 9. Qd2 h5 10. O-O-O Nbd7 11. Qf2 Rc8 12. Nd5 Nxd5 13. exd5 Bf5 14. Bd3 Bxd3
15. Rxd3 Bg5 16. h4 Bxe3+ 17. Qxe3 Kf8 18. f4 exf4 19. Qxf4 Ne5 20. Re3 Rh6 21.
Nd4 Rf6 22. Nf5 Ng4 23. Rhe1 Qd7 24. Re6 fxe6 25. dxe6 Rxe6 0-1

[Event "Zicosur 2016"]
[Site "?"]
[Date "2016.01.05"]
[Round "1"]
[White "Bennett, Michael"]
[Black "Pineda, Adolfo"]
[Result "0-1"]
[WhiteElo "1711"]
[BlackElo "2248"]
[PlyCount "54"]
[EventDate "2016.??.??"]

1. e4 e5 2. Nf3 Nc6 3. Bb5 a6 4. Ba4 Nf6 5. Qe2 Be7 6. c3 b5 7. Bc2 O-O 8. O-O
Re8 9. Rd1 d5 10. d3 d4 11. Nbd2 Nd7 12. c4 Nc5 13. a3 Ne6 14. g3 h6 15. cxb5
axb5 16. Bb3 Qd6 17. Bd5 Ra6 18. Bxc6 Rxc6 19. Nb3 Ra6 20. Bd2 Bd7 21. Nh4 Bxh4
22. gxh4 c5 23. Kh1 c4 24. Bb4 Nf4 25. Qf3 Qf6 26. Nc5 Bh3 27. Qg3 Bg2+ 0-1

[Event "?"]
[Site "?"]
[Date "2016.01.05"]
[Round "1"]
[White "Muñoz, Mauricio"]
[Black "Avalos, Joao"]
[Result "0-1"]
[WhiteElo "1533"]
[BlackElo "2148"]
[PlyCount "36"]
[EventDate "2016.??.??"]

1. e4 e6 2. d4 d5 3. Nd2 Be7 4. Ngf3 Nf6 5. e5 Nfd7 6. Bd3 c5 7. c3 Nc6 8. O-O
a5 9. a4 Qb6 10. Bb5 Na7 11. dxc5 Bxc5 12. Nb3 Nxb5 13. Nxc5 Nxc5 14. axb5 Qxb5
15. b4 Ne4 16. Nd4 Qc4 17. bxa5 Nxc3 18. Qd2 Qxd4 0-1

[Event "Zicosur "]
[Site "?"]
[Date "2016.01.05"]
[Round "?"]
[White "Puebla, Claudio"]
[Black "Zegarra, Alexis"]
[Result "1-0"]
[WhiteElo "2216"]
[BlackElo "1618"]
[PlyCount "47"]
[EventDate "2016.??.??"]

1. e4 e5 2. Nf3 Nc6 3. Bb5 a6 4. Ba4 Nf6 5. O-O b5 6. Bb3 Be7 7. d4 d6 8. c3
O-O 9. h3 Nxe4 10. Bd5 Bd7 11. Bxe4 f5 12. Bd5+ Kh8 13. dxe5 Be8 14. Nd4 Nxe5
15. Bxa8 Qxa8 16. Ne6 Bc6 17. f3 Rf6 18. Nd4 Bd5 19. Bg5 Rg6 20. Bxe7 Nc4 21.
Nxf5 Be6 22. Nh4 Rg3 23. Re1 Bxh3 24. Kh2 1-0

[Event "ZICOSUR 2016"]
[Site "?"]
[Date "2016.01.05"]
[Round "1"]
[White "Hurtado Bahamonde, Rodrigo"]
[Black "Huanca Perez, Joaquin"]
[Result "1-0"]
[WhiteElo "2133"]
[BlackElo "1442"]
[PlyCount "47"]
[EventDate "2016.??.??"]

1. e4 c5 2. Nf3 Nc6 3. Bb5 g6 4. O-O Bg7 5. Re1 e6 6. Bxc6 dxc6 7. e5 Ne7 8.
Nc3 O-O 9. d3 Nd5 10. Ne4 b6 11. Bg5 f6 12. Bh4 Qc7 13. c4 f5 14. cxd5 fxe4 15.
d6 Qd7 16. Rxe4 Ba6 17. Qd2 h6 18. Be7 Rf7 19. Rg4 g5 20. h4 Rxe7 21. dxe7 Qxe7
22. hxg5 hxg5 23. Qxg5 Qxg5 24. Nxg5 1-0

[Event "Zicosur 2016"]
[Site "?"]
[Date "2016.01.05"]
[Round "1"]
[White "Oróstica, Pablo"]
[Black "Belli, Mario"]
[Result "0-1"]
[WhiteElo "1811"]
[BlackElo "2404"]
[PlyCount "90"]
[EventDate "2016.??.??"]

1. d4 d5 2. Nf3 Nf6 3. g3 g6 4. Bg2 Bg7 5. O-O O-O 6. Nbd2 c6 7. b3 c5 8. Bb2
cxd4 9. Bxd4 Nc6 10. Bb2 Qd6 11. Rc1 Rd8 12. c4 d4 13. c5 Qc7 14. a3 h6 15. b4
e5 16. Ne1 Be6 17. Nd3 Nd5 18. Ba1 f5 19. Nb2 Nc3 20. Qe1 a5 21. Nbc4 axb4 22.
axb4 Na2 23. Rb1 Naxb4 24. Nb6 Ra5 25. Ndc4 Rxc5 26. Rxb4 Nxb4 27. Qxb4 Rxc4
28. Nxc4 Bxc4 29. Rc1 b5 30. Bf1 Qd6 31. Qa5 Kh7 32. Rd1 Rd7 33. Bc3 Qc7 34.
Bb4 Qxa5 35. Bxa5 Kg8 36. Bb6 Kf7 37. Ra1 e4 38. Rd1 Ke6 39. h4 h5 40. Kg2 b4
41. Rc1 Kd5 42. e3 d3 43. f3 b3 44. fxe4+ fxe4 45. Kg1 b2 0-1

[Event "ZICOSUR 2016"]
[Site "?"]
[Date "2016.01.05"]
[Round "1"]
[White "Balladares, Luis"]
[Black "Romero Araya, Diego"]
[Result "0-1"]
[WhiteElo "1678"]
[BlackElo "2246"]
[PlyCount "104"]
[EventDate "2016.??.??"]

1. e4 c6 2. d4 d5 3. exd5 cxd5 4. c4 Nf6 5. Nc3 e6 6. c5 Be7 7. Bg5 O-O 8. Bd3
b6 9. cxb6 Qxb6 10. Nge2 Nc6 11. O-O h6 12. Na4 Qa5 13. Bd2 Qd8 14. Bb5 Bd7 15.
Rc1 Rc8 16. Ba6 Rb8 17. Bf4 Qa5 18. Bd3 Rbc8 19. Bd2 Bb4 20. Rc5 Qd8 21. Bxb4
Nxb4 22. Nec3 Rb8 23. Be2 Ne4 24. Nxe4 dxe4 25. Nc3 Qb6 26. a3 Nd3 27. Bxd3
exd3 28. b4 Qa6 29. Ra5 Qc4 30. Rxa7 Qxd4 31. Rc7 Rfc8 32. Rxc8+ Rxc8 33. Ne2
Qc4 34. Nc1 Bb5 35. Nxd3 Qc3 36. Qc1 Bxd3 37. Qxc3 Rxc3 38. Ra1 Rb3 39. f3 Kf8
40. Kf2 Ke7 41. Ke1 Rb2 42. Rd1 Bb5 43. Rc1 Kd6 44. Rc5 Bc6 45. Ra5 Rxg2 46.
Ra6 Kc7 47. a4 Rxh2 48. Ra7+ Bb7 49. Ra5 Bxf3 50. Rc5+ Kd6 51. Rc3 Bd5 52. Ra3
Ra2 0-1

[Event "ZICOSUR 2016"]
[Site "?"]
[Date "2016.01.05"]
[Round "1"]
[White "TIVIAKOV, Sergei"]
[Black "SAUVAGEOT LEDEZMA, Diego"]
[Result "1-0"]
[WhiteElo "2611"]
[BlackElo "2006"]
[PlyCount "81"]
[EventDate "2016.??.??"]

1. e4 c5 2. Nc3 e6 3. Nge2 Nc6 4. d4 cxd4 5. Nxd4 a6 6. g3 Qc7 7. Bg2 Nf6 8.
O-O d6 9. Nxc6 bxc6 10. b3 Be7 11. Ba3 O-O 12. Qd3 d5 13. Bxe7 Qxe7 14. Rfe1
Qa7 15. Na4 a5 16. Qc3 Ng4 17. Qc5 Qxc5 18. Nxc5 Rb8 19. Rad1 Rb5 20. Nd3 Rb6
21. c4 dxc4 22. bxc4 Ba6 23. Nc5 Re8 24. e5 Bxc4 25. Rd4 Nxe5 26. f4 Rb5 27.
fxe5 Rxc5 28. Rc1 Rxe5 29. Bxc6 Rb8 30. Rdxc4 g6 31. a4 Rb2 32. Bb5 Kg7 33. Rc7
Rf5 34. R1c2 Rb1+ 35. Kg2 h5 36. Re2 Rff1 37. Rxe6 Rg1+ 38. Kh3 g5 39. Ree7 Kh6
40. Rxf7 Rb2 41. Rf6# 1-0

[Event "?"]
[Site "?"]
[Date "2016.01.05"]
[Round "1"]
[White "Christie, Ian"]
[Black "Principe, Gerson"]
[Result "0-1"]
[WhiteElo "1768"]
[BlackElo "2252"]
[PlyCount "62"]
[EventDate "2016.??.??"]

1. e4 c5 2. Nf3 e6 3. c3 Nf6 4. e5 Nd5 5. d4 cxd4 6. cxd4 Nc6 7. Bc4 Nb6 8. Bb3
d5 9. O-O Be7 10. a3 Bd7 11. Bd2 Rc8 12. Qe2 Na8 13. Rc1 b5 14. a4 b4 15. Bd1
O-O 16. Be3 f6 17. exf6 Bxf6 18. Qd3 Nc7 19. Bc2 g6 20. Re1 e5 21. dxe5 Nxe5
22. Nxe5 Bxe5 23. Bc5 Re8 24. Qd1 Na6 25. Qxd5+ Re6 26. Bd4 Nc7 27. Qa2 Bxd4
28. Nd2 Kh8 29. Nf3 Bf6 30. Bb3 Rxe1+ 31. Rxe1 Bg4 0-1

[Event "ZICOSUR 2016"]
[Site "?"]
[Date "2016.01.05"]
[Round "?"]
[White "Torrealba, Dario"]
[Black "Martinez, Jose"]
[Result "0-1"]
[WhiteElo "1933"]
[BlackElo "2469"]
[PlyCount "36"]
[EventDate "2016.??.??"]

1. e4 c5 2. Nf3 d6 3. d4 cxd4 4. Nxd4 Nf6 5. Nc3 a6 6. Bg5 Nbd7 7. Bc4 Qb6 8.
Bb3 e6 9. Qd2 Be7 10. O-O O-O 11. a3 Nc5 12. Rae1 Qc7 13. Re3 b5 14. f4 Bb7 15.
Qe2 Qb6 16. e5 Nxb3 17. exf6 Nxd4 18. Qg4 Nf5 0-1

[Event "Zicosur 2016"]
[Site "?"]
[Date "2016.01.05"]
[Round "1"]
[White "Castillo Palma, Hernan"]
[Black "Belmonte, Mariano"]
[Result "0-1"]
[WhiteElo "1771"]
[BlackElo "2258"]
[PlyCount "64"]
[EventDate "2016.??.??"]

1. d4 f5 2. Nf3 Nf6 3. c4 g6 4. b3 Bg7 5. Bb2 O-O 6. e3 e6 7. Nc3 d6 8. Qc2 Qe7
9. Be2 b6 10. O-O Bb7 11. Rad1 Nbd7 12. Rfe1 a6 13. a3 Kh8 14. Nd2 e5 15. d5
Rae8 16. e4 f4 17. f3 g5 18. b4 Rg8 19. Nf1 h5 20. Rd3 Bh6 21. Bd1 g4 22. a4
Rg6 23. Rd2 Reg8 24. Kh1 Nh7 25. g3 gxf3 26. Bxf3 Qh4 27. Rg2 fxg3 28. Ree2 Ng5
29. Qd3 Nxf3 30. Rxg3 Rxg3 31. Nxg3 Rxg3 32. Rg2 Qxh2+ 0-1

[Event "Zicosur 2016"]
[Site "?"]
[Date "2016.01.05"]
[Round "1"]
[White "Torres, Pablo"]
[Black "Príncipe, Alexander"]
[Result "0-1"]
[WhiteElo "1802"]
[BlackElo "2339"]
[PlyCount "42"]
[EventDate "2016.??.??"]

1. e4 e6 2. d4 d5 3. e5 c5 4. Nf3 Nc6 5. c3 Bd7 6. Be2 Rc8 7. O-O Nge7 8. Na3
Nf5 9. Nc2 h5 10. Ne3 Nh6 11. Re1 cxd4 12. Nxd4 g6 13. Bxh5 gxh5 14. Qxh5 Nxd4
15. cxd4 Qa5 16. Rd1 Rg8 17. g4 Qb5 18. h3 Qe2 19. Bd2 Qf3 20. Qh4 Nf5 21. Nxf5
exf5 0-1

[Event "ZICOSUR 2016"]
[Site "?"]
[Date "2016.01.05"]
[Round "1"]
[White "Vergara, Felipe"]
[Black "Sànchez, Benjamin"]
[Result "1-0"]
[WhiteElo "2114"]
[BlackElo "1350"]
[PlyCount "43"]
[EventDate "2016.??.??"]

1. e4 c5 2. Nf3 d6 3. d4 cxd4 4. Nxd4 Nf6 5. Nc3 a6 6. Be2 b5 7. O-O e6 8. a3
Nbd7 9. f4 Nb6 10. Bf3 Bb7 11. Re1 Qc7 12. Kh1 Be7 13. g4 O-O-O 14. g5 Nfd7 15.
a4 b4 16. Na2 e5 17. Nf5 Bf8 18. a5 Nc4 19. Nxb4 Nc5 20. Nd5 Qc6 21. b3 g6 22.
Nfe7+ 1-0

[Event "?"]
[Site "?"]
[Date "2016.01.05"]
[Round "1"]
[White "LLORENS, MARCELO."]
[Black "BUZETA, AXHEL."]
[Result "1-0"]
[WhiteElo "2286"]
[BlackElo "1784"]
[PlyCount "51"]
[EventDate "2016.??.??"]

1. d4 d5 2. Bf4 Bf5 3. e3 e6 4. Nf3 Bd6 5. Bd3 Ne7 6. O-O Bxf4 7. exf4 Qd6 8.
g3 O-O 9. Re1 Qb6 10. Nc3 Qxb2 11. Qd2 b6 12. Reb1 Qa3 13. Nb5 Qa4 14. Nxc7 Qc6
15. Nxa8 Qxa8 16. Ne5 f6 17. Nf3 Nbc6 18. Re1 Qc8 19. Rac1 Qd7 20. c3 Na5 21.
Nh4 Bh3 22. Qe2 g6 23. Qf3 f5 24. Qe3 Kf7 25. Nf3 Kg7 26. Ng5 1-0

[Event "Zicosur 2016"]
[Site "?"]
[Date "2016.01.05"]
[Round "1"]
[White "Garnnier, Rene"]
[Black "Aguirre, Joaquin"]
[Result "1-0"]
[WhiteElo "2178"]
[BlackElo "1557"]
[PlyCount "55"]
[EventDate "2016.??.??"]

1. Nf3 Nf6 2. c4 e6 3. Nc3 d5 4. e3 b6 5. d4 Bb4 6. Qa4+ Nc6 7. Qxc6+ Bd7 8.
Qb7 Ne4 9. Bd2 Bxc3 10. Bxc3 a6 11. c5 O-O 12. cxb6 cxb6 13. Ne5 Ba4 14. Bb4
Qf6 15. Ng4 Qg5 16. Bxf8 Rxf8 17. Qxa6 f5 18. Ne5 f4 19. Nf3 Qh6 20. exf4 Rxf4
21. Be2 Be8 22. O-O Bh5 23. Ne5 Nd2 24. Bxh5 Qxh5 25. Qc8+ Rf8 26. Qxe6+ Kh8
27. Qxd5 Nf3+ 28. gxf3 1-0

[Event "Zicosur 2016"]
[Site "?"]
[Date "2016.01.05"]
[Round "1"]
[White "Nuñez Cerda, Andres"]
[Black "Tapia Fuentes, Jaime"]
[Result "0-1"]
[WhiteElo "1785"]
[BlackElo "2288"]
[PlyCount "70"]
[EventDate "2016.??.??"]

1. e4 c5 2. Nc3 d6 3. f4 g6 4. Bb5+ Bd7 5. Bc4 Bg7 6. Nf3 Nc6 7. d3 e6 8. O-O
Nge7 9. f5 gxf5 10. Ng5 Bxc3 11. bxc3 Ne5 12. Qh5 N7g6 13. exf5 exf5 14. Bf4
Qf6 15. Bd5 h6 16. Bxe5 Nxe5 17. Ne4 Qe7 18. d4 O-O-O 19. dxe5 Qxe5 20. Rad1
fxe4 21. Qxe5 dxe5 22. Rxf7 Bc6 23. c4 Rd6 24. Re7 Bxd5 25. Rxe5 Re6 26. Rdxd5
Rhe8 27. Rxc5+ Kb8 28. Rxe6 Rxe6 29. Kf1 Ra6 30. Re5 Rxa2 31. Rxe4 Rxc2 32. h4
a5 33. g4 a4 34. c5 a3 35. Ra4 a2 0-1

[Event "Zicosur 2016"]
[Site "?"]
[Date "2016.01.05"]
[Round "1.15"]
[White "Salinas, Pablo"]
[Black "Aguilar, Pedro"]
[Result "1-0"]
[WhiteElo "2455"]
[BlackElo "1877"]
[PlyCount "81"]
[EventDate "2016.??.??"]

1. Nf3 Nf6 2. d4 e6 3. e3 b6 4. c4 Bb7 5. Nc3 Be7 6. Bd3 c5 7. O-O O-O 8. d5 d6
9. e4 e5 10. h3 Bc8 11. Nh2 Nbd7 12. Bc2 a6 13. a4 Rb8 14. g3 Ne8 15. Kg2 Nc7
16. Qe2 Re8 17. f4 exf4 18. gxf4 Bf6 19. Qd3 g6 20. e5 dxe5 21. f5 Bg7 22. Ne4
Nf6 23. fxg6 fxg6 24. Bg5 Rf8 25. Ng4 Bxg4 26. hxg4 Nce8 27. Qe2 Qd7 28. Nf2
Qd6 29. Bh4 Rb7 30. Bg3 Nd7 31. Ne4 Qe7 32. Rxf8+ Kxf8 33. d6 Nxd6 34. Nxd6
Qxd6 35. Qf3+ Nf6 36. Rd1 Qe7 37. g5 Kg8 38. gxf6 Bxf6 39. Qc6 Rb8 40. Rd7 Qf8
41. Qe6+ 1-0

[Event "Zicosur 2016"]
[Site "?"]
[Date "2016.01.05"]
[Round "1"]
[White "Silva Paez, Franco"]
[Black "Andueza Quezada, Danila"]
[Result "0-1"]
[WhiteElo "1557"]
[BlackElo "2173"]
[PlyCount "118"]
[EventDate "2016.??.??"]

1. d4 d5 2. c4 e6 3. Nf3 Be7 4. Nc3 Nf6 5. cxd5 exd5 6. g3 O-O 7. Bg2 c6 8. O-O
Nbd7 9. Bg5 Re8 10. Re1 Ne4 11. Nxe4 dxe4 12. Bxe7 Qxe7 13. Ne5 Nxe5 14. dxe5
Qxe5 15. Qc2 Bf5 16. e3 Rad8 17. Red1 h6 18. Rxd8 Rxd8 19. Rc1 c5 20. h3 b6 21.
Bf1 Qd5 22. b3 Qd2 23. Qxd2 Rxd2 24. Ra1 Kf8 25. g4 Bd7 26. Ba6 Bc6 27. Kf1 Ke7
28. Ke1 Rc2 29. Bc4 b5 30. Be2 Kd6 31. a4 a6 32. axb5 Bxb5 33. Bxb5 axb5 34.
Ra7 Ke6 35. Ra6+ Ke7 36. Ra7+ Kf6 37. h4 g6 38. Ra6+ Kg7 39. Rb6 b4 40. Rb7 Rc3
41. Rc7 Kf6 42. Rc6+ Ke5 43. h5 gxh5 44. gxh5 f6 45. Rc8 Kf5 46. Rd8 Kg4 47.
Rf8 Kg5 48. f4+ exf3 49. Rg8+ Kxh5 50. Kf2 Rxb3 51. Rg1 Rb2+ 52. Kxf3 c4 53.
Kf4 c3 54. Ke4 Rd2 55. Kf5 Rf2+ 56. Ke4 f5+ 57. Kd3 Rd2+ 58. Kc4 Rb2 59. Kd3 c2
0-1

[Event "ZICOSUR 2016"]
[Site "?"]
[Date "2016.01.06"]
[Round "2.46"]
[White "SOTELO, Jose Miguel"]
[Black "RIVERA, Andres"]
[Result "0-1"]
[WhiteElo "1500"]
[BlackElo "1895"]
[PlyCount "28"]
[EventDate "2016.??.??"]

1. e4 c5 2. Nf3 e6 3. d3 Nc6 4. g3 g6 5. Bg2 Bg7 6. c3 Nge7 7. O-O O-O 8. Re1
d6 9. d4 cxd4 10. cxd4 Qb6 11. e5 Nf5 12. exd6 Ncxd4 13. Nxd4 Bxd4 14. Nc3
Bxf2+ 0-1

[Event "Zicosur 2016"]
[Site "?"]
[Date "2016.01.06"]
[Round "2.50"]
[White "SANCHEZ IBAÑEZ, Benjamin"]
[Black "RIQUELME ABUFFON, Nicolás"]
[Result "0-1"]
[WhiteElo "1350"]
[BlackElo "1847"]
[PlyCount "52"]
[EventDate "2016.??.??"]

1. e4 c5 2. Nc3 d6 3. f4 Nc6 4. Nf3 g6 5. Bc4 Bg7 6. O-O e6 7. d3 a6 8. a4 Nge7
9. Kh1 O-O 10. Qe1 d5 11. Ba2 d4 12. Ne2 b5 13. g4 Nb4 14. Bb1 Bb7 15. Qg3 c4
16. Ng5 h6 17. Nf3 Rc8 18. f5 cxd3 19. cxd3 exf5 20. gxf5 Qb6 21. Nh4 gxf5 22.
Rxf5 Nxf5 23. Nxf5 Rxc1+ 24. Nxc1 Qf6 25. Ne2 Qxf5 26. Nxd4 Qf1+ 0-1

[Event "Zicosur 2016"]
[Site "?"]
[Date "2016.01.06"]
[Round "2.13"]
[White "DONAYRE, Bertín"]
[Black "TERRY, Renato"]
[Result "0-1"]
[WhiteElo "2134"]
[BlackElo "2465"]
[PlyCount "32"]
[EventDate "2016.??.??"]

1. e4 g6 2. d4 Bg7 3. Nc3 c6 4. f4 d5 5. e5 Nh6 6. Be2 f6 7. Be3 b5 8. Qd2 Nd7
9. g4 Nb6 10. f5 Nf7 11. fxg6 hxg6 12. Qd3 Nc4 13. Bc1 g5 14. Qg6 Kf8 15. b3
Ncxe5 16. dxe5 Nxe5 0-1

[Event "Zicosur 2016"]
[Site "?"]
[Date "2016.01.06"]
[Round "2.43"]
[White "GONZALEZ CULÍ, Diego"]
[Black "SILVA PAEZ, Franco"]
[Result "1-0"]
[WhiteElo "1941"]
[BlackElo "1557"]
[PlyCount "77"]
[EventDate "2016.??.??"]

1. d4 d5 2. c4 e6 3. Nc3 h6 4. Bf4 Bb4 5. cxd5 exd5 6. e3 Nf6 7. Bd3 Nbd7 8.
Nge2 b6 9. O-O Bb7 10. Nb5 O-O 11. a3 Bd6 12. Nxd6 cxd6 13. Bxd6 Re8 14. Rc1
Nb8 15. Bc7 Qe7 16. Bf4 Rc8 17. Ng3 Nc6 18. Nf5 Qd7 19. Nd6 Rc7 20. Bf5 Qd8 21.
Nxb7 Rxb7 22. Rxc6 g6 23. Bxh6 Nh5 24. Qg4 Nf6 25. Qg3 Ne8 26. Bxg6 fxg6 27.
Rxg6+ Kh7 28. Bg5 Qd7 29. Rh6+ Kg7 30. Bf4+ Kf8 31. Rh8+ Ke7 32. Rh7+ Kd8 33.
Qg5+ Kc8 34. Rc1+ Rc7 35. Bxc7 Qxc7 36. Rhxc7+ Nxc7 37. Qg8+ Kb7 38. Rxc7+ Kxc7
39. Qxa8 1-0